02010cam a22003735a 4500001000800000005001700008008004100025020002800066020001800094040003300112043001200145082002100157100002700178245016200205260005600367300003500423490015200458500002400610504003300634650005900667650003500726651004500761651004300806651005600849653003100905655002100936942000800957999001700965952011900982952013101101952013401232952013501366952013501501254409220160523140339.0941202t1995 ne a frb 001 0 eng d a9004101888 (alk. paper) a9789004101883 aDLCcDLCdDLCdEG-ScBUEbeng af-ua---04222a338.962bAMI1 aAmin, Galal A.,d1935-10aEgypt's economic predicament :ba study in the interaction of external pressure, political folly, and social tension in Egypt, 1960-1990 /cby Galal A. Amin. aLeiden ;aNew York ;aKoln :bE. J. Brill,cc.1995. axiii, 146 p. :bill. ;c25 cm.0 aSocial, economic and political studies of the Middle East,x0085-6193 ;vv. 51aEtudes sociales, economiques et politiques du Moyen Orient ;vv. 51 aIndex : p. 145-146. aBibliography : p. [141]-143. 0aStructural adjustment (Economic policy)zEgypt.2BUEsh 0aDebts, ExternalzEgypt.2BUEsh 0aEgyptxEconomic conditionsy1952-2BUEsh 0aEgyptxSocial conditionsy1952-2BUEsh 0aEgyptxPolitics and governmenty1952-2BUEsh920861 bBUSECOcMarch2016cMay2016 vText book933728 2ddc c21426d21398 00102ddc40708BaccahaMAINbMAINc1STd2016-03-15ePurchasel0o338.962 AMIp000032055r2025-07-15 00:00:00yNB 00102ddc40708BaccahaMAINbMAINc1STd2016-05-23ePurchasel4o338.962 AMIp000037503r2025-07-15 00:00:00s2017-02-18yBB 00102ddc40708BaccahaMAINbMAINc1STd2016-05-23ePurchasel1m2o338.962 AMIp000037502r2025-07-15 00:00:00s2016-10-11yBB 00102ddc40708BaccahaMAINbMAINc1STd2016-05-23ePurchasel5m17o338.962 AMIp000032568r2025-07-15 00:00:00s2021-10-17yBB 00102ddc40708BaccahaMAINbMAINc1STd2016-05-23ePurchasel4m17o338.962 AMIp000032569r2025-07-15 00:00:00s2018-02-14yBB